Matti und Sami und die drei größten Fehler des Universums (Record no. 18344)

MARC details
000 -LEADER
fixed length control field 02241nam a2200517 cb4500
001 - CONTROL NUMBER
control field BV037335368
003 - CONTROL NUMBER IDENTIFIER
control field DE-604
005 - DATE AND TIME OF LATEST TRANSACTION
control field 20240411090856.0
007 - PHYSICAL DESCRIPTION FIXED FIELD--GENERAL INFORMATION
fixed length control field t
008 - FIXED-LENGTH DATA ELEMENTS--GENERAL INFORMATION
fixed length control field 110413s2011 gw |||| 00||| ger d
015 ## - NATIONAL BIBLIOGRAPHY NUMBER
National bibliography number 11,N01
Source dnb
015 ## - NATIONAL BIBLIOGRAPHY NUMBER
National bibliography number 11,A10
Source dnb
016 7# - NATIONAL BIBLIOGRAPHIC AGENCY CONTROL NUMBER
Record control number 1008775436
Source DE-101
020 ## - INTERNATIONAL STANDARD BOOK NUMBER
International Standard Book Number 9783407794383
Terms of availability Pp. : EUR 12.95 (DE), EUR 13.30 (AT), sfr 19.90 (freier Pr.)
035 ## - SYSTEM CONTROL NUMBER
System control number (OCoLC)706978189
035 ## - SYSTEM CONTROL NUMBER
System control number (DE-599)DNB1008775436
040 ## - CATALOGING SOURCE
Original cataloging agency DE-604
Language of cataloging ger
Description conventions rakddb
Transcribing agency GESM
041 0# - LANGUAGE CODE
Language code of text/sound track or separate title ger
044 ## - COUNTRY OF PUBLISHING/PRODUCING ENTITY CODE
MARC country code gw
-- sz
ISO country code XA-DE-BW
-- XA-CH
049 ## - LOCAL HOLDINGS (OCLC)
Holding library DE-M336
-- DE-B170
-- DE-355
-- DE-473
-- DE-824
-- DE-20
-- DE-B1533
-- DE-188
-- DE-11
084 ## - OTHER CLASSIFICATION NUMBER
Classification number DX 4250
Authority record control number or standard number (DE-625)20311:227
Number source rvk
084 ## - OTHER CLASSIFICATION NUMBER
Classification number GE 6919
Authority record control number or standard number (DE-625)39237:
Number source rvk
100 1# - MAIN ENTRY--PERSONAL NAME
Personal name Naoura, Salah
Dates associated with a name 1964-
Relator term Verfasser
Authority record control number or standard number (DE-588)113304706
Relationship aut
245 10 - TITLE STATEMENT
Title Matti und Sami und die drei größten Fehler des Universums
264 #1 - PRODUCTION, PUBLICATION, DISTRIBUTION, MANUFACTURE, AND COPYRIGHT NOTICE
Place of production, publication, distribution, manufacture Weinheim [u.a.]
Name of producer, publisher, distributor, manufacturer Beltz & Gelberg
Date of production, publication, distribution, manufacture, or copyright notice 2011
300 ## - PHYSICAL DESCRIPTION
Extent 141 S.
Dimensions 18,7/12,6/1,2 cm
Type of unit Gebundene Ausgabe
336 ## - CONTENT TYPE
Content type term Text
Content type code txt
Source rdacontent
337 ## - MEDIA TYPE
Media type term ohne Hilfsmittel zu benutzen
Media type code n
Source rdamedia
338 ## - CARRIER TYPE
Carrier type term Band
Carrier type code nc
Source rdacarrier
385 ## - AUDIENCE CHARACTERISTICS
Authority record control number or standard number (DE-588)4030550-8
Audience term Kind
Source gnd
490 1# - SERIES STATEMENT
Series statement Matti und Sammi
Volume/sequential designation 1
500 ## - GENERAL NOTE
General note <br/>
520 ## - SUMMARY, ETC.
Summary, etc. Der 11-jährige Matti träumt von einem Familienurlaub in der Heimat seines finnischen Vaters, was er mit einer faustdicken Lüge auch erreicht. In Finnland aber finden sich Matti, der kleine Bruder Sami und die Eltern auf einmal ohne Bleibe, Geld und Auto mitten in der finnischen Einöde wieder. Nur ein Wunder kann sie retten ...
521 ## - TARGET AUDIENCE NOTE
Target audience note Antolin ab Klasse 4
650 07 - SUBJECT ADDED ENTRY--TOPICAL TERM
Topical term or geographic name entry element Binationale Familie
Authority record control number or standard number (DE-588)4322940-2
Source of heading or term gnd
9 (RLIN) rswk-swf
650 07 - SUBJECT ADDED ENTRY--TOPICAL TERM
Topical term or geographic name entry element Deutsche
Authority record control number or standard number (DE-588)4070334-4
Source of heading or term gnd
9 (RLIN) rswk-swf
650 07 - SUBJECT ADDED ENTRY--TOPICAL TERM
Topical term or geographic name entry element Chaos
Authority record control number or standard number (DE-588)4191419-3
Source of heading or term gnd
9 (RLIN) rswk-swf
650 07 - SUBJECT ADDED ENTRY--TOPICAL TERM
Topical term or geographic name entry element Alltag
Authority record control number or standard number (DE-588)4001307-8
Source of heading or term gnd
9 (RLIN) rswk-swf
650 07 - SUBJECT ADDED ENTRY--TOPICAL TERM
Topical term or geographic name entry element Junge
Authority record control number or standard number (DE-588)4029002-5
Source of heading or term gnd
9 (RLIN) rswk-swf
651 #7 - SUBJECT ADDED ENTRY--GEOGRAPHIC NAME
Geographic name Finnland
Authority record control number or standard number (DE-588)4017243-0
Source of heading or term gnd
9 (RLIN) rswk-swf
653 ## - INDEX TERM--UNCONTROLLED
Uncontrolled term Antolin
655 ## - INDEX TERM--GENRE/FORM
Genre/form data or focus term SLICE-OF-LIFE
830 #0 - SERIES ADDED ENTRY--UNIFORM TITLE
Uniform title Kinder- und Jugendbuchpreis Luchs
Volume/sequential designation 295
Bibliographic record control number (DE-604)BV044244299
856 42 - ELECTRONIC LOCATION AND ACCESS
Contact for access assistance X:MVB
Electronic format type text/html
Uniform Resource Identifier <a href="http://deposit.d-nb.de/cgi-bin/dokserv?id=3624446&prov=M&dok_var=1&dok_ext=htm">http://deposit.d-nb.de/cgi-bin/dokserv?id=3624446&prov=M&dok_var=1&dok_ext=htm</a>
Materials specified Inhaltstext
942 ## - ADDED ENTRY ELEMENTS (KOHA)
Source of classification or shelving scheme Dewey Decimal Classification
Koha item type Books
Suppress in OPAC No
Holdings
Withdrawn status Lost status Source of classification or shelving scheme Damaged status Not for loan Collection Home library Current library Shelving location Date acquired Inventory number Total checkouts Full call number Barcode Date last seen Date last checked out Price effective from Koha item type Public note
    Dewey Decimal Classification     German Fiction Grade School GESM Library GESM Library Main Library 11/04/2024 23-31708 1 GFG NAO MS G2400138 01/12/2025 12/08/2025 11/04/2024 Books New